000 00479nam a2200133 4500
999 _c16820
_d16820
008 180427b ||||| |||| 00| 0 eng d
082 _aDPer 050 Dec 2015-Mar 2016 T48 v186-187
100 _aD'addario, Daniel.
_944981
245 _aFamily secrets abound in ABC's real O'Neals/
_cDaniel D'Addario.
260 _aNew York:
_bTime Inc.,
_c©Dec 2015-Mar 2016.
300 _av187 n10, page 43:
_billustrations;
_c27 cm.
650 _aMotion pictures.
_927173
942 _2ddc
_cPER